Municipalities of Slovenia with a Map - Statistics

General Stats
  • This quiz has been taken 20,685 times
  • The average score is 61 of 212
Answers on the Map
Answers color-coded by a green-red scale on the quiz's map according to % correct below.
 
Answer Stats
Region Population Municipality % Correct
Central Slovenia 294,464 Ljubljana
90%
Coastal–Karst 53,292 Koper
75%
Drava 113,778 Maribor
74%
Savinja 49,007 Celje
68%
Upper Carniola 57,185 Kranj
65%
Coastal–Karst 18,457 Piran
64%
Gorizia 31,845 Nova Gorica
62%
Southeast Slovenia 37,398 Novo Mesto
62%
Coastal–Karst 16,737 Izola
61%
Upper Carniola 8,217 Bled
59%
Mura 18,622 Murska Sobota
56%
Drava 23,611 Ptuj
56%
Coastal–Karst 3,261 Ankaran
53%
Littoral–Inner Carniola 16,675 Postojna
52%
Upper Carniola 7,522 Kranjska Gora
51%
Lower Sava 25,904 Krško
51%
Savinja 33,715 Velenje
51%
Upper Carniola 5,611 Bohinj
50%
Littoral–Inner Carniola 13,379 Ilirska Bistrica
50%
Upper Carniola 21,679 Jesenice
50%
Central Slovenia 29,989 Kamnik
49%
Gorizia 19,704 Ajdovščina
48%
Gorizia 11,018 Tolmin
48%
Coastal–Karst 13,802 Sežana
47%
Carinthia 16,595 Slovenj Gradec
47%
Gorizia 3,245 Bovec
46%
Central Slovenia 36,683 Domžale
46%
Drava 11,720 Hoče-Slivnica
46%
Mura 10,486 Lendava
46%
Gorizia 11,735 Idrija
45%
Southeast Slovenia 15,644 Kočevje
45%
Drava 25,949 Slovenska Bistrica
45%
Central Slovenia 3,620 Log-Dragomer
43%
Littoral–Inner Carniola 6,190 Pivka
43%
Upper Carniola 23,462 Škofja Loka
43%
Central Slovenia 7,656 Ig
42%
Gorizia 4,032 Kobarid
42%
Lower Sava 1,356 Bistrica ob Sotli
41%
Lower Sava 24,419 Brežice
41%
Southeast Slovenia 14,308 Črnomelj
41%
Central Slovenia 14,681 Logatec
40%
Central Sava 16,024 Trbovlje
40%
Central Slovenia 17,613 Vrhnika
40%
Carinthia 8,844 Dravograd
39%
Savinja 13,123 Laško
39%
Central Sava 15,743 Litija
39%
Southeast Slovenia 8,480 Metlika
39%
Southeast Slovenia 9,644 Ribnica
39%
Carinthia 1,142 Ribnica na Pohorju
39%
Upper Carniola 8,829 Šenčur
39%
Central Slovenia 21,398 Grosuplje
38%
Littoral–Inner Carniola 11,691 Cerknica
37%
Gorizia 5,767 Vipava
37%
Carinthia 3,252 Črna na Koroškem
36%
Coastal–Karst 4,334 Divača
36%
Gorizia 5,029 Miren-Kostanjevica
36%
Gorizia 4,547 Cerkno
35%
Central Slovenia 6,378 Dol pri Ljubljani
35%
Central Sava 9,058 Hrastnik
35%
Coastal–Karst 4,851 Hrpelje-Kozina
35%
Coastal–Karst 3,655 Komen
35%
Drava 11,886 Ormož
35%
Upper Carniola 19,195 Radovljica
35%
Gorizia 6,292 Šempeter-Vrtojba
35%
Savinja 19,378 Šentjur
35%
Upper Carniola 15,054 Tržič
35%
Upper Carniola 4,981 Žiri
35%
Central Slovenia 16,811 Medvode
34%
Savinja 11,323 Rogaška Slatina
34%
Lower Sava 17,639 Sevnica
34%
Upper Carniola 2,769 Gorje
33%
Mura 11,233 Ljutomer
33%
Savinja 5,210 Prebold
33%
Central Sava 16,379 Zagorje ob Savi
33%
Savinja 3,138 Rogatec
32%
Savinja 15,263 Slovenske Konjice
32%
Central Slovenia 4,664 Borovnica
31%
Gorizia 5,639 Brda
31%
Central Slovenia 12,785 Brezovica
31%
Central Slovenia 17,538 Ivančna Gorica
31%
Carinthia 11,289 Ravne na Koroškem
31%
Savinja 21,528 Žalec
31%
Gorizia 5,289 Kanal ob Soči
30%
Southeast Slovenia 13,310 Trebnje
30%
Mura 8,474 Gornja Radgona
29%
Mura 2,087 Grad
29%
Central Slovenia 8,411 Mengeš
29%
Savinja 10,375 Šmarje pri Jelšah
29%
Upper Carniola 6,699 Železniki
29%
Mura 5,958 Moravske Toplice
28%
Central Slovenia 3,925 Trzin
28%
Southeast Slovenia 4,741 Žužemberk
28%
Central Slovenia 7,843 Dobrova–Polhov Gradec
27%
Upper Carniola 666 Jezersko
27%
Drava 8,512 Lenart
27%
Savinja 3,614 Podčetrtek
27%
Savinja 3,278 Šmartno ob Paki
27%
Central Slovenia 5,661 Šmartno pri Litiji
27%
Mura 8,068 Beltinci
26%
Lower Sava 2,446 Kostanjevica na Krki
26%
Central Slovenia 11,657 Škofljica
26%
Littoral–Inner Carniola 1,616 Bloke
25%
Upper Carniola 7,859 Cerklje na Gorenjskem
25%
Mura 369 Hodoš
25%
Central Slovenia 2,985 Horjul
25%
Savinja 4,244 Mozirje
25%
Carinthia 3,417 Muta
25%
Upper Carniola 5,431 Naklo
25%
Mura 5,098 Radenci
25%
Drava 7,055 Ruše
25%
Savinja 8,847 Šoštanj
25%
Southeast Slovenia 3,593 Dolenjske Toplice
24%
Central Slovenia 6,444 Komenda
24%
Carinthia 3,598 Mežica
24%
Southeast Slovenia 2,683 Mirna
24%
Mura 2,834 Sveti Jurij ob Ščavnici
24%
Mura 3,556 Apače
23%
Lower Sava 4,164 Radeče
23%
Carinthia 6,164 Radlje ob Dravi
23%
Drava 8,375 Šentilj
23%
Drava 2,323 Sveta Ana
23%
Central Slovenia 4,983 Vodice
23%
Savinja 6,600 Zreče
23%
Upper Carniola 7,665 Gorenja Vas–Poljane
22%
Central Slovenia 5,888 Lukovica
22%
Southeast Slovenia 327 Osilnica
22%
Drava 7,623 Rače-Fram
22%
Southeast Slovenia 3,887 Semič
22%
Southeast Slovenia 7,225 Šentjernej
22%
Savinja 2,646 Vransko
22%
Upper Carniola 4,465 Žirovnica
22%
Southeast Slovenia 691 Kostel
21%
Savinja 2,576 Ljubno
21%
Littoral–Inner Carniola 3,703 Loška Dolina
21%
Savinja 1,454 Luče
21%
Central Slovenia 5,469 Moravče
21%
Carinthia 6,800 Prevalje
21%
Gorizia 4,383 Renče–Vogrsko
21%
Central Slovenia 4,520 Velike Lašče
21%
Drava 5,684 Videm
21%
Mura 1,293 Dobrovnik
20%
Drava 6,539 Kidričevo
20%
Southeast Slovenia 1,816 Loški Potok
20%
Drava 6,996 Miklavž na Dravskem Polju
20%
Carinthia 4,520 Mislinja
20%
Mura 5,904 Puconci
20%
Mura 1,388 Šalovci
20%
Savinja 529 Solčava
20%
Central Slovenia 3,882 Dobrepolje
19%
Savinja 2,480 Gornji Grad
19%
Southeast Slovenia 3,034 Mirna Peč
19%
Southeast Slovenia 3,164 Mokronog-Trebelno
19%
Savinja 6,321 Polzela
19%
Upper Carniola 3,780 Preddvor
19%
Southeast Slovenia 2,898 Šentrupert
19%
Drava 2,193 Sveta Trojica v Slovenskih Goricah
19%
Drava 2,114 Sveti Jurij v Slovenskih Goricah
19%
Savinja 9,009 Vojnik
19%
Carinthia 2,649 Vuzenica
19%
Drava 6,959 Duplek
18%
Drava 2,988 Lovrenc na Pohorju
18%
Savinja 2,611 Nazarje
18%
Drava 7,508 Pesnica
18%
Southeast Slovenia 3,521 Šmarješke Toplice
18%
Drava 2,007 Sveti Tomaž
18%
Drava 2,614 Benedikt
17%
Savinja 3,030 Kozje
17%
Drava 4,844 Kungota
17%
Mura 1,624 Kuzma
17%
Drava 1,919 Središče ob Dravi
17%
Savinja 4,477 Štore
17%
Savinja 5,656 Braslovče
16%
Savinja 2,250 Dobrna
16%
Mura 2,040 Gornji Petrovci
16%
Drava 4,060 Majšperk
16%
Mura 1,619 Odranci
16%
Drava 4,467 Poljčane
16%
Drava 4,562 Selnica ob Dravi
16%
Southeast Slovenia 3,429 Škocjan
16%
Southeast Slovenia 3,881 Straža
16%
Drava 1,203 Sveti Andraž v Slovenskih Goricah
16%
Mura 3,965 Tišina
16%
Savinja 2,267 Vitanje
16%
Mura 1,753 Cankova
15%
Drava 4,154 Oplotnica
15%
Southeast Slovenia 2,249 Sodražica
15%
Mura 3,190 Turnišče
15%
Drava 1,527 Zavrč
15%
Drava 2,378 Cirkulane
14%
Savinja 934 Dobje
14%
Mura 540 Kobilje
14%
Mura 3,549 Križevci
14%
Drava 4,025 Markovci
14%
Savinja 1,670 Tabor
14%
Drava 2,171 Cerkvenjak
13%
Mura 3,972 Črenšovci
13%
Drava 3,938 Hajdina
13%
Drava 2,051 Makole
13%
Carinthia 2,365 Podvelka
13%
Mura 1,265 Razkrižje
13%
Drava 4,081 Starše
13%
Mura 1,344 Veržej
13%
Drava 2,647 Destrnik
12%
Drava 2,896 Dornava
12%
Drava 4,161 Gorišnica
12%
Drava 1,853 Podlehnik
12%
Savinja 2,355 Rečica ob Savinji
12%
Mura 1,380 Velika Polana
12%
Drava 1,303 Žetale
12%
Drava 2,421 Juršinci
11%
Mura 3,114 Rogašovci
11%
Drava 1,374 Trnovska Vas
10%
No matching quizzes found
Score Distribution
Percent of People with Each Score
Percentile by Number Answered
Your Score History
You have not taken this quiz